Statistics for Countries on Major Latitudes - Southern Hemisphere

Click here to take the quiz!

General Stats

  • This quiz has been taken 29 times
  • The average score is 29 of 48

Answer Stats

Answer% Correct
Republic of the Congo
95%
Democratic Republic of the Congo
90%
Gabon
90%
Kenya
90%
Uganda
90%
Brazil
86%
Colombia
86%
Ecuador
86%
Indonesia
86%
São Tomé and Príncipe
86%
Somalia
81%
Angola
76%
Democratic Republic of the Congo
76%
Indonesia
71%
South Africa
71%
Tanzania
67%
Australia
62%
Botswana
62%
Brazil
62%
Chile
62%
Malawi
62%
Namibia
62%
Zambia
62%
Argentina
57%
Argentina
57%
Chile
57%
Mozambique
57%
Papua New Guinea
57%
Peru
57%
Zimbabwe
57%
Argentina
52%
Australia
52%
Australia
52%
Brazil
52%
Chile
52%
Chile
52%
Madagascar
52%
New Zealand (Cook Islands)
52%
Bolivia
48%
Paraguay
48%
Lesotho
43%
Mauritius
43%
New Zealand
43%
Brazil
38%
Bolivia
24%
France (French Polynesia)
24%
Kiribati
24%
New Zealand (Cook Islands)
24%

Score Distribution

Percentile by Number Answered

Percent of People with Each Score

Your Score History

You have not taken this quiz